| 000 | 00345nam a22001457a 4500 | ||
|---|---|---|---|
| 003 | SGT | ||
| 020 | _a9788193728505 | ||
| 082 |
_a070 _bV18S |
||
| 100 | _aSHARMA, GEETESH | ||
| 245 | _aVIETNAM: 1982-2017 RUINS TO INCREDIBLE PROGRESS | ||
| 260 |
_bBANYAN TREE BOOKS PVT. LTD. _c2018 |
||
| 300 | _a192 | ||
| 650 | _aJOURNALISM | ||
| 942 |
_2ddc _cBK |
||
| 999 |
_c28701 _d28701 |
||